000 03217nam0a22003611 4500
001 RU\NLR\A1\20308
005 20260508135811.0
035 _a(NLR Aleph) 009675767
090 _a9681827
_c9681827
100 _a19980927d1793 m y0rusy50 ca
101 0 _arus
102 _aRU
140 _ay y ga yaa0000
200 1 _aОписание острова Санкт-Доминго
_eс показанием преждебывших на оном коренных диких жителей, их нравов, обычаев и одежд, такожде поселившихся на сем острове европейцов; начатия сего селения и разных с оным приключившихся перемен; о состоянии сахарных и проч. тамошних заводов и торговли, о произрастениях, о покупке и содержании черных невольников, и всех прочих достопамятностях.
_eСобранное для лучшаго изъяснения не давно случившихся на оном острове произшествий.
210 _aВ Москве
_cв вольной типографии при Театре, у Христофора Клаудия
_d1793
215 _a[2], II, [2], 135, [1] с., [1] л. таб.
_d16°
300 _aОписание острова Гаити.
316 _aЭкз. РНБ (18.38.7.56) в сост. картон. пер., обтянутом зеленоватой бумагой, с ледериновыми коричневыми корешком и уголками. На нижней крышке пер. экслибрис рус. фонда ГПБ с шифром. Корешок гладкий. На тит. л. круглый штамп "Госуд. Публичн. библиотека Дублет". Тит. л. подклеен. На обороте тит. л. и с.33 круглый штамп ГПБ. На с.135 и [1] 3-го ряда техн. помета.
_5NLR: 18.38.7.56
316 _aЭкз. РНБ (137/938) в картон. пер., обтянутом мраморной бумагой. На нижней крышке пер. ярлык с шифром РНБ. Корешок гладкий. Бумаж. покрытие на корешке частично утрачено. На форзаце ярлык с шифром РНБ и ярлык со старым шифром.
_5NLR: 137/938
321 1 _aСК XVIII 4966
327 0 _aНа вкладной табл. приводится "Обозрение произведений острова С.Доминго 1788 года"
620 _dМосква
702 1 _4610
_7ca
_8rus
_aКлаудий
_bХ.А.
_f-1805
_gХристофор Александрович
_9232381
_3RU\NLR\AUTH\770232437
712 0 0 _4610
_aКлаудий,
_cМосква
_gХ. А.,
_hтипография при Театре
_9515361
_3RU\NLR\AUTH\880425419
801 0 _aRU
_bNLR
_c19980927
852 _aNLR
_j18.38.7.56
852 _aNLR
_j137/938
899 _aРГБ
899 _aБАН
942 _cBOOK
980 _aNB
980 _aA1XVIIIv